「後」がつく天皇 - Statistics

General Stats
  • This quiz has been taken 177 times
  • The average score is 13 of 28
Answer Stats
答え % Correct
後醍醐
91%
後白河
87%
後鳥羽
86%
後三条
71%
後一条
65%
後桜町
56%
後二条
50%
後亀山
48%
後村上
47%
後小松
46%
後冷泉
45%
後水尾
44%
後朱雀
40%
後嵯峨
40%
後花園
39%
後土御門
37%
後奈良
37%
後堀河
36%
後桃園
36%
後陽成
35%
後宇多
34%
後光厳
33%
後深草
32%
後円融
31%
後光明
31%
後伏見
27%
後柏原
26%
後西
26%
No matching quizzes found
Score Distribution
Percent of People with Each Score
Percentile by Number Answered
Your Score History
You have not taken this quiz